Handbook of forest biology

Guardat en:
Dades bibliogràfiques
Autor principal: SHIVANNA, H.
Format: Llibre
Idioma:anglès
Publicat: Discovery Publishers 2012
Etiquetes: Afegir etiqueta
Sense etiquetes, Sigues el primer a etiquetar aquest registre!

MARC

LEADER 00000nam a22000007a 4500
008 201210b ||||| |||| 00| 0 eng d
020 |a ISBN: 978-93-5036-093-8 
100 |a SHIVANNA, H. 
245 |a Handbook of forest biology  |c H. Shivanna  |g .. 262p 
260 |b Discovery Publishers  |c 2012  |h New Delhi  |i 837562  |l SD395 .Sh6  |m Forests and forestry  |m Trees.  |m Forest ecology 
500 |a “It includes index 
942 |a lcc  |c BK  |e Olagoke, M A  |f 10/12/2020 
952 |0 0  |1 0  |2 lcc  |4 0  |6 SD0395 S H6  |7 0  |9 385  |a HOL  |b RF  |c QZ  |d 2020-12-10  |l 0  |o SD395 .Sh6  |p 2020-2118  |r 2020-12-10 00:00:00  |w 2020-12-10  |y BK 
999 |c 184  |d 184